Τα λιπάσματα και τα χημικά λιπάσματα των φυτών

Αποθηκεύτηκε σε:
Λεπτομέρειες βιβλιογραφικής εγγραφής
Κύριος συγγραφέας: Χασίκος, Παναγιώτης Κ.
Μορφή: Βιβλίο
Γλώσσα:Greek
Δημοσίευση: Εν Αθήναις : Έκδοσις Ελληνικής Γεωργικής Εταιρείας ; Tύποις Σφενδόνης, 1926.
Σειρά:Βιβλιοθήκη του Γεωργού ; 24
Θέματα:
Ετικέτες: Προσθήκη ετικέτας
Δεν υπάρχουν, Καταχωρήστε ετικέτα πρώτοι!

MARC

LEADER 00000cam a2200000 a 4500
001 1/122999
008 210521s1926####gr | ||| |||| ||gre||
040 |a GR-MyUa  |b gre  |c GR-MyUa  |e AACR2 
041 0 |a gre 
082 7 |a 631.8   |2 (23) 
100 1 |a Χασίκος, Παναγιώτης Κ. 
245 1 3 |a Τα λιπάσματα και τα χημικά λιπάσματα των φυτών /   |c Παναγιώτου Κ. Χασίκου.  
260 |a Εν Αθήναις :   |b Έκδοσις Ελληνικής Γεωργικής Εταιρείας ;   |b Tύποις Σφενδόνης,   |c 1926.  
300 |a 46 [2] σ. :   |b εικ. ;   |c 22 εκ.  
490 1 |a (Βιβλιοθήκη Γεωργού ;   |v 24) 
500 |a Παράρτημα Γεωργικού Δελτίου, Οκτώβριος 1926.  
650 0 |a Fertilizers. 
830 0 |a Βιβλιοθήκη του Γεωργού  |v  ; 24 
852 |a INST  |b SAMOS  |c PORFYRIADA  |h 631.8 ΧΑΣ  |p *  |t NOLOAN 
970 |a Γουβάλα  |b Βάσω  |z 21/05/21